Подробности
| 000 -МАРКЕР |
| контрольное поле |
01234nam2a2200289 4500 |
| 001 - ИДЕНТИФИКАТОР ЗАПИСИ |
| контрольное поле |
RU\NLR\bibl\2037709 |
| 005 - ИДЕНТИФИКАТОР ВЕРСИИ |
| контрольное поле |
20260406064603.0 |
| 010 ## - МЕЖДУНАРОДНЫЙ СТАНДАРТНЫЙ НОМЕР КНИГИ (ISBN) |
| Номер (ISBN) |
978-5-038313-5 |
| Уточнения |
вып. 45 |
| Тираж |
1200 |
| 021 ## - НОМЕР ГОСУДАРСТВЕННОЙ РЕГИСТРАЦИИ |
| Код страны |
российская федерация |
| Номер |
2013-34207 |
| Номер Листа государственной регистраци |
2340 |
| 035 ## - ДРУГИЕ СИСТЕМНЫЕ НОМЕРА |
| Идентификатор записи |
(NLR Aleph) 002025072 |
| 100 ## - ДАННЫЕ ОБЩЕЙ ОБРАБОТКИ |
| Данные общей обработки |
20130529d2013 |||y0rusy50 ca |
| 101 0# - ЯЗЫК РЕСУРСА |
| Язык текста, звукозаписи и т.д. |
русский |
| 102 ## - СТРАНА ПУБЛИКАЦИИ ИЛИ ПРОИЗВОДСТВА |
| Страна публикации |
российская федерация |
| 105 ## - ПОЛЕ КОДИРОВАННЫХ ДАННЫХ: ТЕКСТОВЫЕ МАТЕРИАЛЫ, МОНОГРАФИЧЕСКИЕ |
| Кодированные данные о монографическом текстовом документе |
y ||||||||| |
| 200 1# - ЗАГЛАВИЕ И СВЕДЕНИЯ ОБ ОТВЕТСТВЕННОСТИ |
| Основное заглавие |
Транбовать - Тыча |
| Первые сведения об ответственности |
[сост.: Н.И. Андреева-Васина и др. |
| Последующие сведения об ответственности |
отв. ред.: С.А. Мызников] |
| 210 ## - ПУБЛИКАЦИЯ, РАСПРОСТРАНЕНИЕ И ДР. |
| Дата издания, распространения и т.д. |
2013 |
| 215 ## - ФИЗИЧЕСКАЯ ХАРАКТЕРИСТИКА |
| Специфическое обозначение материала и объем |
343 с. |
| 461 #0 - УРОВЕНЬ НАБОРА |
| Встроенное поле |
001RU\NLR\bibl\17262 |
| -- |
2001#$aСловарь русских народных говоров$vВып. 45 |
| Системный номер (АБИС) связанной записи |
72207 |
| Место публикации |
СПб. |
| Дата публикации |
1998 |
| Первые сведения об ответственности |
Рос. акад. наук, Ин-т лингв. исслед. |
| Имя издателя, распространителя и т.д. |
Наука |
| Заглавие |
Словарь русских народных говоров |
| ISBN |
5-02-027894-7 |
| Номер тома |
Вып. 45 |
| 702 #1 - ИМЯ ЛИЦА - ВТОРИЧНАЯ ОТВЕТСТВЕННОСТЬ |
| Код отношения |
Составитель |
| Материалы, к которым относится поле |
rus |
| Графика поля |
Кириллица |
| Начальный элемент ввода |
Андреева-Васина |
| Часть имени, кроме начального элемента ввода |
Н. И. |
| Расширение инициалов личного имени |
Нина Ивановна |
| Идентификатор авторитетной/нормативной записи |
RU\NLR\auth\7714344 |
| Системный номер авторитетной/нормативной записи |
124017 |
| 702 #1 - ИМЯ ЛИЦА - ВТОРИЧНАЯ ОТВЕТСТВЕННОСТЬ |
| Начальный элемент ввода |
Мызников |
| Часть имени, кроме начального элемента ввода |
С. А. |
| Расширение инициалов личного имени |
Сергей Алексеевич |
| Код отношения |
Редактор |
| 801 #0 - ИСТОЧНИК ЗАПИСИ |
| Страна |
российская федерация |
| Организация |
NLR |
| Дата составления |
20130529 |
| Правила каталогизации |
RCR |
| 801 #1 - ИСТОЧНИК ЗАПИСИ |
| Страна |
российская федерация |
| Организация |
NLR |
| Дата составления |
20130529 |
| 942 ## - ДОПОЛНИТЕЛЬНЫЕ ЭЛЕМЕНТЫ ЗАПИСИ (АБИС) |
| Тип экземпляра АБИС |
Книга |
| 980 ## - КОЛЛЕКЦИЯ |
| Название коллекции |
Национальная библиография |